Name every shark family - Statistics

General Stats
  • This quiz has been taken 2 times
  • The average score is 4 of 8
Answer Stats
Picture Answer % Correct
angel sharks
100%
saw sharks
100%
bullhead sharks
50%
carpet sharks
50%
dogfish sharks
50%
ground sharks
50%
frilled and cow sharks
0%
mackrele sharks
0%
No matching quizzes found
Score Distribution
Percent of People with Each Score
Percentile by Number Answered
Your Score History
You have not taken this quiz